| 000 | 01128 a2200229 4500 | ||
|---|---|---|---|
| 001 | 14657 | ||
| 005 | 20260407155448.0 | ||
| 008 | 260407a2004 arg spa d | ||
| 003 | AR-UNSa-BCEJYS | ||
| 040 |
_aAR-UNSa-BCEJYS _bspa _cAR-UNSa-BCEJYS |
||
| 080 |
_a331.5 _xMercado de Trabajo. Empleo |
||
| 245 | 1 | 0 | _aLabor economics |
| 020 | _a978-0-262-03316-9 | ||
| 264 | 1 |
_aCambridge : _bThe MIT Press _c2004 |
|
| 300 |
_axxxiii, 844 p. _c23 cm. |
||
| 505 | _a1. Labor supply - 2. Education and human capital - 3. Job Search - 4. Labor demand - 5. Compensating wage differentials and discrimination - 6. Contracts, Risk-Sharing, and incentive - 7. Collective bargaining - 8. Unemployment and inflation - 9. Job reallocation and unemployment - 10. Technological progress, globalization, and inequalities - 11. Labor market policies - 12. Institutions and labor market performance - | ||
| 942 | _cBK | ||
| 590 | _aniveau_biblio:m niveau_hierar:0 | ||
| 100 | 1 | _aCahuc, Pierre | |
| 700 | 1 | _aZylberberg, André | |
| 856 | 4 | 1 |
_uhttps://biblioeco.unsa.edu.ar/pmb/images/libros/Labor economics2-l118983.jpg _yImagen de portada _qimage/jpeg |
| 999 |
_c597 _d597 |
||